[Event "Karpacz op"]
[Site "Karpacz"]
[Date "2013.07.23"]
[Round "2"]
[White "Siembab, Bartosz"]
[Black "Siwon, Zbigniew"]
[Result "1-0"]
[WhiteElo "2258"]
[BlackElo "1788"]
[PlyCount "55"]
[EventDate "2013.07.22"]
[EventType "swiss"]
[EventRounds "9"]
[EventCountry "POL"]
[SourceTitle "EXT 2014"]
[Source "ChessBase"]
[SourceDate "2013.11.20"]
[SourceVersion "1"]
[SourceVersionDate "2013.11.20"]
[SourceQuality "1"]

1. d4 d5 2. c4 c6 3. Nc3 Nf6 4. Nf3 h6 5. Ne5 e6 6. Bf4 Qa5 7. Bd2 Qc7 8. Rc1 a6 9. e3 Bd6 10. f4 0-0 11. Bd3 dxc4 12. Nxc4 Nbd7 13. Qf3 c5 14. Ne4 Nxe4 15. Bxe4 cxd4 16. exd4 Ra7 17. 0-0 Nf6 18. Ba5 Qe7 19. Bb6 Ra8 20. Nxd6 Qxd6 21. Bc5 Qd7 22. Bxf8 Kxf8 23. Rfd1 Nxe4 24. Qxe4 f5 25. Qe5 Qd8 26. Rc7 Qf6 27. Qxf6+ gxf6 28. Rdc1 1-0

[Event "Kochan Memorial op 23rd"]
[Site "Koszalin"]
[Date "2012.08.13"]
[Round "3"]
[White "Darowicki, Mariusz"]
[Black "Siwon, Zbigniew"]
[Result "1-0"]
[WhiteElo "1856"]
[BlackElo "1792"]
[PlyCount "91"]
[EventDate "2012.08.11"]
[EventType "swiss"]
[EventRounds "9"]
[EventCountry "POL"]
[SourceTitle "CBM 149 Extra"]
[Source "ChessBase"]
[SourceDate "2012.08.24"]
[SourceVersion "1"]
[SourceVersionDate "2012.08.24"]
[SourceQuality "1"]

1. e4 c5 2. Nf3 Nc6 3. d4 cxd4 4. Nxd4 g6 5. c4 Bg7 6. Be3 d6 7. Nc3 Nf6 8. Be2 0-0 9. 0-0 Bd7 10. Rc1 Qc8 11. f3 b6 12. Nd5 Qd8 13. Nxc6 Bxc6 14. Qd2 Nd7 15. Bg5 Bxd5 16. exd5 Bf6 17. Bxf6 Nxf6 18. f4 Qc7 19. Bd3 Qc5+ 20. Kh1 Rae8 21. f5 Kg7 22. Rf3 Rh8 23. Rh3 Ng4 24. Rf1 h5 25. Rg3 Rh6 26. Qf4 Ne5 27. f6+ exf6 28. Qxf6+ Kh7 29. b3 Rf8 30. Be2 Qc7 31. b4 Qd8 32. Qf4 f5 33. c5 Rf7 34. c6 Kg7 35. Rc1 Rh8 36. a4 Ng4 37. Bxg4 fxg4 38. Qd4+ Kh7 39. Re3 Rhf8 40. Ree1 Rf4 41. Qe3 R8f7 42. c7 Qc8 43. Qe6 Qa6 44. Qxf7+ Rxf7 45. c8Q Qxa4 46. Rc7 1-0

[Event "Kochan Memorial op 23rd"]
[Site "Koszalin"]
[Date "2012.08.12"]
[Round "2"]
[White "Siwon, Zbigniew"]
[Black "Bartoszewicz, Marcin"]
[Result "1/2-1/2"]
[WhiteElo "1792"]
[BlackElo "1908"]
[PlyCount "149"]
[EventDate "2012.08.11"]
[EventType "swiss"]
[EventRounds "9"]
[EventCountry "POL"]
[SourceTitle "CBM 149 Extra"]
[Source "ChessBase"]
[SourceDate "2012.08.24"]
[SourceVersion "1"]
[SourceVersionDate "2012.08.24"]
[SourceQuality "1"]

1. d4 Nf6 2. c4 g6 3. Nc3 Bg7 4. e4 d6 5. f4 0-0 6. Nf3 c5 7. d5 e6 8. Be2 exd5 9. exd5 Na6 10. 0-0 Nc7 11. Bd3 h6 12. h4 Nh5 13. Kh2 Bg4 14. g3 f5 15. Bd2 Nf6 16. Qb3 Nh7 17. Rae1 Rb8 18. Nb5 a6 19. Nxc7 Qxc7 20. a4 Rfe8 21. Kg2 Nf6 22. Nh2 Bh5 23. Bc3 Qd7 24. Qc2 Qf7 25. a5 Rxe1 26. Rxe1 Re8 27. Rxe8+ Qxe8 28. Bxf6 Bxf6 29. Qd2 Bd4 30. Nf3 Qe3 31. Qxe3 Bxe3 32. Bc2 Kf7 33. Ba4 Ke7 34. Bc2 Bc1 35. b3 Ba3 36. Kf2 Bb4 37. Ke3 Bxa5 38. Bd3 Bc3 39. Kf2 Kd7 40. Bc2 Kc7 41. Nh2 Kb6 42. g4 fxg4 43. Nf1 Ka5 44. Ng3 Kb4 45. Ne4 Bd4+ 46. Kg3 b5 47. cxb5 axb5 48. Nxd6 Kc3 49. Bd1 Kd2 50. Nxb5 g5 51. Bxg4 gxf4+ 52. Kxf4 Be3+ 53. Kf5 Be8 54. Nd6 Bd7+ 55. Ke4 Bxg4 56. Nc4+ Kc3 57. Nxe3 Bd7 58. Ke5 Kxb3 59. Kd6 Bh3 60. Kxc5 Kc3 61. Nc4 Kd3 62. Ne5+ Ke3 63. Nf7 h5 64. Ng5 Bg4 65. d6 Kf4 66. Kd5 Bd7 67. Nh7 Kf5 68. Nf8 Ba4 69. Kc5 Be8 70. Kb6 Kg4 71. Ng6 Kf5 72. Ne7+ Kg4 73. Kc7 Kxh4 74. Kd8 Ba4 75. Kc7 1/2-1/2

[Event "Ostroda op 8th"]
[Site "Ostroda"]
[Date "2011.08.06"]
[Round "4"]
[White "Siwon, Zbigniew"]
[Black "Tvarijonas, Tomas"]
[Result "0-1"]
[WhiteElo "1821"]
[BlackElo "1992"]
[PlyCount "104"]
[EventDate "2011.08.04"]
[EventType "swiss"]
[EventRounds "9"]
[EventCountry "POL"]
[SourceTitle "CBM 143 Extra"]
[Source "ChessBase"]
[SourceDate "2011.08.29"]
[SourceVersion "1"]
[SourceVersionDate "2011.08.29"]
[SourceQuality "1"]

1. d4 d5 2. c4 c6 3. cxd5 cxd5 4. Nc3 Nf6 5. Bf4 Nc6 6. e3 Qa5 7. Bd3 e6 8. Nge2 Be7 9. 0-0 Nh5 10. Rc1 Nxf4 11. Nxf4 g6 12. a3 0-0 13. g3 Rd8 14. h4 a6 15. Be2 Qc7 16. Nd3 Bd6 17. f4 Qe7 18. Bf3 Na5 19. Qe2 Nb3 20. Rc2 Bd7 21. Ne5 Be8 22. Qg2 Rac8 23. Bd1 Na5 24. h5 Bxe5 25. fxe5 Nc4 26. Qf2 Qg5 27. hxg6 hxg6 28. Re2 Nxb2 29. Rxb2 Rxc3 30. Rxb7 Rxe3 31. g4 Rxa3 32. Rxf7 Bxf7 33. Qxf7+ Kh8 34. Rf2 Rh3 35. Qf6+ Qxf6 36. exf6 Rd3 37. Be2 Rxd4 38. Rh2+ Kg8 39. Rh6 g5 40. Rg6+ Kf7 41. Rxg5 Kxf6 42. Rh5 a5 43. Kf2 a4 44. Rh6+ Ke5 45. g5 a3 46. g6 a2 47. Rh1 Rg8 48. Ra1 Ra4 49. Bh5 Ra3 50. Kg2 d4 51. Re1+ Kd6 52. Bg4 Rxg6 0-1

[Event "Chojnice op-B"]
[Site "Chojnice"]
[Date "2009.07.17"]
[Round "9"]
[White "Siwon, Zbigniew"]
[Black "Bartoszek, Michal"]
[Result "1-0"]
[WhiteElo "1866"]
[BlackElo "1615"]
[PlyCount "101"]
[EventDate "2009.07.11"]
[EventType "swiss"]
[EventRounds "9"]
[EventCountry "POL"]
[SourceTitle "EXT 2011"]
[Source "ChessBase"]
[SourceDate "2010.11.26"]
[SourceVersion "1"]
[SourceVersionDate "2010.11.26"]
[SourceQuality "1"]

1. d4 d5 2. c4 e6 3. Nc3 Nf6 4. Bg5 Nbd7 5. cxd5 exd5 6. e3 c6 7. Bd3 Be7 8. Nge2 0-0 9. 0-0 Re8 10. Qc2 Nf8 11. Rfb1 Ne4 12. Bxe7 Qxe7 13. b4 f5 14. Bxe4 fxe4 15. b5 Bg4 16. h3 Bf5 17. Qb3 g5 18. Ng3 Bg6 19. Na4 Ne6 20. bxc6 bxc6 21. Qb7 Qd6 22. Rc1 Rec8 23. Nc5 Nxc5 24. Rxc5 Qc7 25. Qxc7 Rxc7 26. Rac1 Rac8 27. Ne2 Bf7 28. Nc3 a6 29. f3 exf3 30. gxf3 h6 31. Kf2 Kf8 32. e4 Ke8 33. Nxd5 Bxd5 34. exd5 Kd7 35. dxc6+ Rxc6 36. Rxc6 Rxc6 37. Rxc6 Kxc6 38. Ke3 Kd5 39. Kd3 a5 40. Kc3 a4 41. Kd3 a3 42. Kc3 h5 43. Kd3 h4 44. Kc3 Ke6 45. Kc4 Kf5 46. d5 Kf4 47. d6 Kxf3 48. d7 g4 49. hxg4 Kxg4 50. d8Q Kg3 51. Qg5+ 1-0

[Event "Chojnice op-B"]
[Site "Chojnice"]
[Date "2009.07.13"]
[Round "4"]
[White "Belka, Marta"]
[Black "Siwon, Zbigniew"]
[Result "0-1"]
[WhiteElo "1672"]
[BlackElo "1866"]
[PlyCount "48"]
[EventDate "2009.07.11"]
[EventType "swiss"]
[EventRounds "9"]
[EventCountry "POL"]
[SourceTitle "EXT 2011"]
[Source "ChessBase"]
[SourceDate "2010.11.26"]
[SourceVersion "1"]
[SourceVersionDate "2010.11.26"]
[SourceQuality "1"]

1. c4 e5 2. Nc3 c6 3. Nf3 Qc7 4. g3 f5 5. d3 Nf6 6. Bg2 Be7 7. 0-0 0-0 8. e4 d6 9. Ne1 Be6 10. f4 fxe4 11. Nxe4 Nxe4 12. Bxe4 d5 13. cxd5 Bxd5 14. Bxd5+ cxd5 15. Ng2 Nc6 16. fxe5 Rxf1+ 17. Qxf1 Qxe5 18. Nf4 g5 19. Ne2 Rf8 20. Qg2 Bc5+ 21. Kh1 Rf2 22. Qh3 Qxe2 23. Bxg5 Qf3+ 24. Kg1 Rf1# 0-1

[Event "Chojnice op-B"]
[Site "Chojnice"]
[Date "2009.07.11"]
[Round "1"]
[White "Siwon, Zbigniew"]
[Black "Zwara, Szymon"]
[Result "1/2-1/2"]
[WhiteElo "1866"]
[BlackElo "1514"]
[PlyCount "84"]
[EventDate "2009.07.11"]
[EventType "swiss"]
[EventRounds "9"]
[EventCountry "POL"]
[SourceTitle "EXT 2011"]
[Source "ChessBase"]
[SourceDate "2010.11.26"]
[SourceVersion "1"]
[SourceVersionDate "2010.11.26"]
[SourceQuality "1"]

1. d4 Nf6 2. c4 g6 3. Nc3 Bg7 4. e4 d6 5. f4 0-0 6. Nf3 Na6 7. a3 c5 8. d5 Nc7 9. Bd3 e6 10. 0-0 a6 11. h3 h5 12. Be3 Re8 13. e5 Nh7 14. exd6 Qxd6 15. Ne4 Qd8 16. d6 Nd5 17. cxd5 exd5 18. Nxc5 Rxe3 19. Bxg6 Qxd6 20. Bxh7+ Kxh7 21. Qc2+ Kg8 22. Ng5 Qe7 23. Na4 Bd4 24. Qh7+ Kf8 25. Kh1 b5 26. Nc3 Bb7 27. Nf3 Bg7 28. Ne5 d4 29. Rae1 Qe6 30. Rxe3 dxe3 31. Qxh5 Ke7 32. Qg4 Bxe5 33. Qxe6+ Kxe6 34. fxe5 Rg8 35. Rf6+ Ke7 36. Rb6 Bxg2+ 37. Kh2 Bf3 38. h4 e2 39. Nxe2 Rg2+ 40. Kh3 Rxe2 41. Kg3 Bd5 42. Rxa6 Rxb2 1/2-1/2

[Event "Ostroda op-B 4th"]
[Site "Ostroda"]
[Date "2007.08.08"]
[Round "4"]
[White "Plichta, Kamil"]
[Black "Siwon, Zbigniew"]
[Result "1-0"]
[WhiteElo "1963"]
[BlackElo "1920"]
[PlyCount "89"]
[EventDate "2007.08.06"]
[EventType "swiss"]
[EventRounds "9"]
[EventCountry "POL"]
[SourceTitle "EXT 2023"]
[Source "ChessBase"]
[SourceDate "2022.10.05"]
[SourceVersion "1"]
[SourceVersionDate "2022.10.05"]
[SourceQuality "1"]

1. d4 Nf6 2. c4 e6 3. Nc3 Bb4 4. e3 c5 5. Nge2 Nc6 6. a3 Bxc3+ 7. Nxc3 0-0 8. dxc5 a5 9. Be2 Qe7 10. Qd6 Ne8 11. Qxe7 Nxe7 12. Nb5 Nc6 13. Bd2 f5 14. Bc3 Nf6 15. Nd6 Rb8 16. b4 b6 17. b5 Ne7 18. cxb6 Rxb6 19. Rd1 a4 20. Bf3 Ng6 21. Bb4 Rd8 22. Ba5 Rxd6 23. Rxd6 Re8 24. Bc3 e5 25. Ba8 Ne4 26. Bxe4 fxe4 27. Ke2 Nh4 28. Rd5 Nxg2 29. Rxe5 Rxe5 30. Bxe5 Nh4 31. Rd1 Ng6 32. Bg3 Kf7 33. c5 h5 34. Rd4 h4 35. Bf4 Bb7 36. Rxd7+ Ke8 37. Rxb7 Nxf4+ 38. exf4 e3 39. c6 exf2 40. Kxf2 g5 41. Rh7 Kd8 42. b6 g4 43. b7 g3+ 44. Ke2 gxh2 45. b8R# 1-0